000 00570nam a22001817a 4500
999 _c5538
_d5538
003 AR-CdUCM
008 190312b ||||| |||| 00| 0 esp d
040 _aMUNICIPALIDAD PROVINCIAL DEL CUSCO
_cBIBLIOTECA MUNICIPAL DEL CUSCO
082 _a658.85 /
_bM22
100 _aMandino, OG
_916598
245 _aEl vendedor mas grande del mundo :
_cOG Mandino /
260 _aMexico :
_bDiana,
_c1968
300 _a123 paginas ;
_c17 cm.
500 _aLibro de motivación y autoayuda
650 _aAutorrealización (Psicología)
_916599
942 _2ddc
_cLIBROS
945 _aacrt